Основы научной, инновационной и изобретательской деятельности учебное наглядное пособие
В пособии представлены основные понятия и нормативные документы, применяемые в научной, инновационной и изобретательской сферах. Рассмотрены методы научного познания и некоторые аспекты проектирования научного исследования. Приведена характеристика инновационной деятельности и элементов инновационно...
Сохранить в:
| Главный автор: | |
|---|---|
| Другие авторы: | |
| Формат: | Книга |
| Язык: | Russian |
| Опубликовано: |
Омск
Омский ГАУ
2020
|
| Online-ссылка: | https://e.lanbook.com/book/136159 https://e.lanbook.com/img/cover/book/136159.jpg |
| Метки: |
Добавить метку
Нет меток, Требуется 1-ая метка записи!
|
| LEADER | 02797nam0a2200277 i 4500 | ||
|---|---|---|---|
| 001 | 136159 | ||
| 003 | RuSpLAN | ||
| 005 | 20221220174044.0 | ||
| 008 | 221220s2020 ru gs 000 0 rus | ||
| 020 | |a 978-5-89764-862-7 | ||
| 040 | |a RuSpLAN | ||
| 041 | 0 | |a rus | |
| 044 | |a ru | ||
| 080 | |a 001.89 (075) | ||
| 084 | |a 72.я7 |2 rubbk | ||
| 245 | 0 | 0 | |a Основы научной, инновационной и изобретательской деятельности |b учебное наглядное пособие |c Шлёкова И. Ю.,Кныш А. И. |
| 260 | |a Омск |b Омский ГАУ |c 2020 | ||
| 300 | |a 90 с. | ||
| 504 | |a Библиогр.: доступна в карточке книги, на сайте ЭБС Лань | ||
| 520 | 8 | |a В пособии представлены основные понятия и нормативные документы, применяемые в научной, инновационной и изобретательской сферах. Рассмотрены методы научного познания и некоторые аспекты проектирования научного исследования. Приведена характеристика инновационной деятельности и элементов инновационной инфраструктуры. Рассмотрена структура основных отраслей высоких технологи и роль трансфера технологий. Представлена информация об объектах интеллектуальной собственности и объектах патентных прав. Подробно рассмотрена структура и содержание патента, виды и этапы патентных исследований. Предложены интернет-платформы для поиска информации и патентного поиска. Представлено руководство для обучающихся по проведению патентного поиска в системе fips.ru. Издание предназначено для обучающихся по направлениям 20.04.02 – Природообустройство и водопользование, 35.04.10 – Гидромелиорация, 35.06.01 – Сельское хозяйство. | |
| 521 | 8 | |a Книга из коллекции Омский ГАУ - Инженерно-технические науки | |
| 100 | 1 | |a Шлёкова И. Ю. | |
| 700 | 1 | |a Кныш А. И. | |
| 856 | 4 | |u https://e.lanbook.com/book/136159 | |
| 856 | 4 | 8 | |u https://e.lanbook.com/img/cover/book/136159.jpg |
| 953 | |a https://e.lanbook.com/img/cover/book/136159.jpg | ||